Computer organization and design: The hardware software interface (Record no. 167288)
[ view plain ]
| 000 -LEADER | |
|---|---|
| fixed length control field | 00464nam a2200157Ia 4500 |
| 008 - FIXED-LENGTH DATA ELEMENTS--GENERAL INFORMATION | |
| fixed length control field | 231217s9999 xx 000 0 und d |
| 041 ## - LANGUAGE CODE | |
| Language code of text/sound track or separate title | English |
| 082 ## - DEWEY DECIMAL CLASSIFICATION NUMBER | |
| Classification number | 001.642 HEN `R' |
| 100 ## - MAIN ENTRY--PERSONAL NAME | |
| Personal name | Hennessy, John L Patterson, David A |
| 245 #0 - TITLE STATEMENT | |
| Title | Computer organization and design: The hardware software interface |
| 250 ## - EDITION STATEMENT | |
| Edition statement | 2nd ed. |
| 260 ## - PUBLICATION, DISTRIBUTION, ETC. | |
| Date of publication, distribution, etc. | 1998 |
| Name of publisher, distributor, etc. | Singapore : Harcourt Asia/Morgan, |
| 300 ## - PHYSICAL DESCRIPTION | |
| Extent | xxix+759 |
| 650 ## - SUBJECT ADDED ENTRY--TOPICAL TERM | |
| Topical term or geographic name entry element | Computer organization |
| 942 ## - ADDED ENTRY ELEMENTS (KOHA) | |
| Koha item type | Books |
| Date last seen | Total checkouts | Full call number | Accession number | Cost, total (INR) price | Price effective from | Category | Lost status | Damaged status | Department | Withdrawn status | Home library | Current library | Shelving location | Entry date | Vendor | Cost, normal purchase price | Grants | Billnumber | Billdate | Currency symbol | Conversion rate | Discount | Old discount |
|---|---|---|---|---|---|---|---|---|---|---|---|---|---|---|---|---|---|---|---|---|---|---|---|
| 26/01/2024 | 001.642 HEN `R' | 16137 | 457.98 | 26/01/2024 | Books | Central Library | Central Library | Central Library | Library Annex | 21/09/2000 | Allied publ. | 12.00 | CS | BAN/CR/002326 | 22/09/2003 | RS | 44.9 | 1.8 | 15 |
